000 00616nam a2200205 a 4500
001 000012276
005 20250206101004.0
008 091110s2004 dr a r 000 f spa d
040 _aDO-SdBNP
_bspa
_cBNPHU
082 _aRD863.44
_bD611v, 2004
100 1 _aDisla, Edwin,
_d1961-
_928921
245 1 0 _aVida de un tormento /
_cEdwin Disla.
250 _a2a ed.
260 _aSanto Domingo :
_bGrafito,
_c2004.
300 _a311 p. :
_bil. ;
_c22 cm.
590 _aInventariado, 2020/BT
650 0 _aNovela dominicana
_9223
650 0 _aLiteratura dominicana.
_967
910 _aValidado. Control de calidad. MMOLINA
999 _c11934
_d11934